000 00221 a2200097 4500
001 10972
100 _aEisenson, J.
245 _aThe Psychlogy of Spech
260 _aLondon
_bGeorge. G Hersap
_c1988
090 _c8540
_d8540
942 _aNUST-CAE
_cM
_c35312
999 _c246045
_d246045